|
|
|
|
| LEADER |
00000nam0a2200000 4500 |
| 001 |
326874 |
| 005 |
20231102003914.0 |
| 035 |
|
|
|a (RuTPU)RU\TPU\book\352534
|
| 035 |
|
|
|a RU\TPU\book\351079
|
| 090 |
|
|
|a 326874
|
| 100 |
|
|
|a 20170118d1928 m y0rusy50 ca
|
| 101 |
0 |
|
|a rus
|
| 102 |
|
|
|a RU
|
| 105 |
|
|
|a a z 000zy
|
| 200 |
1 |
|
|a Каменные строительные материалы
|h Сб. 3
|f Академия наук СССР (АН СССР), Комиссия по изучению естественных производительных сил союза
|
| 210 |
|
|
|a Ленинград
|c Издательство Академии наук СССР
|d 1928
|
| 215 |
|
|
|a 171 с.
|
| 225 |
1 |
|
|a Материалы
|h № 67
|
| 606 |
|
|
|a Каменные материалы
|x Строительство
|2 stltpush
|3 (RuTPU)RU\TPU\subj\13585
|9 40169
|
| 610 |
1 |
|
|a исследования
|
| 610 |
1 |
|
|a месторождения
|
| 610 |
1 |
|
|a испытания
|
| 610 |
1 |
|
|a каменные строительные материалы
|
| 610 |
1 |
|
|a камень
|
| 610 |
1 |
|
|a песчаники
|
| 675 |
|
|
|a 691.3
|v 3
|
| 712 |
0 |
2 |
|a Академия наук СССР (АН СССР)
|b Комиссия по изучению естественных производительных сил союза
|c (Ленинград/Москва)
|c (1925-1991)
|2 stltpush
|3 (RuTPU)RU\TPU\col\722
|
| 801 |
|
1 |
|a RU
|b 63413507
|c 20121116
|
| 801 |
|
2 |
|a RU
|b 63413507
|c 20190807
|g RCR
|
| 942 |
|
|
|c BK
|